Finalistes du Championnat d'Europe de football - Mort subite - Statistiques

Statistiques générales
  • Ce quiz a été pris 450 fois
    405 depuis la dernière actualisation
  • Le résultat moyen est 8 sur 13
Answers on the Grid
Answers color-coded by a green-red scale on the quiz's grid according to % correct below.
Allemagne
Espagne
Italie
France
Tchécoslovaquie
Pays-Bas
Danemark
Portugal
Union soviétique
Grèce
Angleterre
Yougoslavie
Belgique
Croatie
Suède
Turquie
Roumanie
Suisse
Hongrie
Pologne
Ukraine
Autriche
Ecosse
Irlande
 
Statistiques - réponses
Réponse % Correct
France
87%
Allemagne
85%
Portugal
83%
Espagne
82%
Angleterre
78%
Pays-Bas
78%
Italie
77%
Grèce
63%
Danemark
48%
Union soviétique
46%
Tchécoslovaquie
43%
Yougoslavie
42%
Belgique
27%
Aucun quiz correspondant
Distribution des résultats
% des personnes avec chaque résultat
Percentile par nombre de réponses
Votre historique - résultats
Vous n’avez pas pris ce quiz depuis la dernière actualisation